Quizzes
Events
Quiz Creation
Community
Videos
Private Events
Remove Ads
Sign In
Join for FREE
Feedback
Dark Mode
Quiz Categories
Sports
Geography
Music
Movies
Television
Just For Fun
Miscellaneous
History
Literature
Language
Science
Gaming
Entertainment
Religion
Holiday
For Kids
Quiz Lab
Recent
Popular Today
Quiz Kudos Today
Editor Picks
Curator Picks
Quizzes by...
Day
Popularity
Type
Ratings
Length
Year
Community
Subscriptions
Recent Discussions
Orange Saloon
Badges
Playlists
Quests
Create
Leaderboards
Showdown
Live 5
Trivia Bingo
Activity
Puzzle Library
Sporcle Events
Private Events
Virtual Trivia
Globe League
Become a Host
Pub Owners
SporcleCon
Opinionation
Our Games
Videos
Blog
Mobile Apps
Partnerships
Remove Ads and Go Orange
Feedback
Geography
Country
Landmarks
City
State
Population
World
Capital
Continent
Flags
Europe
Africa
Asia
South America
North America
Oceania
Border
Canada
United Kingdom
Topography
United States
Geography
Country
Landmarks
City
State
Population
World
Capital
Continent
Flags
Europe
Africa
Asia
South America
North America
Oceania
Border
Canada
United Kingdom
Topography
United States
Random Quiz
Search Sporcle
×
Quiz Lab
Quiz Lab
Geography
defunct
Type in answers that appear in a list
Type in answers that appear in a list
Classic
Best Score? Go Orange.
Hubs of Defunct Airlines Stats
Can you name the Hubs of Defunct Airlines
By
16gomandal
7m
43 Questions
439 Plays
439 Plays
439 Plays
Comments
Comments
Give Quiz Kudos
Give Quiz Kudos
-
- Ratings
hide this ad
Replay
Link that replays current quiz
Next Quiz
Link to next quiz in quiz playlist
You Got
0%
They Got
Avg Score
73%
Avg Friend Score
Upgrade to see
Score Distribution
Jump to the score distribution portion of the page
Score
0/43
Timer
07:00
0
Plays Today
Airlines
Hubs
% Correct
Continental
Houston
96.1%
Texas International
Houston
96.1%
Braniff International
Los Angeles
95.2%
Western
Los Angeles
95.2%
Braniff International
Miami
92.7%
Eastern
Miami
92.7%
National
Miami
92.7%
Pan Am
Miami
92.7%
Northwest
Minneapolis
90.7%
Northwest
Detroit
90.4%
Eastern
New York JFK
90.2%
Pan Am
New York JFK
90.2%
Trans World Airlines
New York JFK
90.2%
Continental
Newark
89.5%
Braniff International
Boston
87%
Eastern
Atlanta
85.2%
Trans World Airlines
Atlanta
85.2%
Trans World Airlines
Denver
82.9%
Western
Denver
82.9%
Continental
Cleveland
81.8%
Eastern
Charlotte
79.7%
Piedmont
Charlotte
79.7%
Airlines
Hubs
% Correct
Trans World Airlines
St Louis
79.5%
Braniff International
Dallas-Fort Worth
74.9%
Texas International
Dallas Fort Worth
74.9%
Northwest
Memphis
74%
Western
Salt Lake City
74%
Braniff International
Dallas Love
73.3%
Pan Am
London
69.2%
Eastern
New York La Guardia
67.9%
Eastern
Kansas City
66.3%
Braniff International
Washington Dulles
63.8%
Piedmont
Baltimore
63.8%
Northwest
Amsterdam
54.9%
Pan Am
Frankfurt
48.5%
Continental
Guam
46.7%
Northwest
Anchorage
46.7%
Northwest
Tokyo Narita
44.2%
Pan Am
Tokyo Narita
44.2%
Eastern
San Juan
32.6%
Trans World Airlines
San Juan
32.6%
Northwest
Tokyo Haneda
25.3%
Pan Am
Tokyo Haneda
25.3%
Quiz Playlist
Details
Report
Send in Message
Add To Playlist
Classic:
Type in answers that appear in a list
Last Updated: Feb 16, 2017
Quiz Scoreboard
CHALLENGE
Sign Up to Join the Scoreboard
Show All
Scores
Hide
Comments
May contain spoilers
Recently Published
9x9 Crossword: Cartoon Network
by jackfrog10
Miscellaneous
3m
College Basketball Coaching Resumes
by pancakes188
Sports
9m
Billboard Blitz: Fleetwood Mac
by CooCooCachoo
Music
15s
More to Explore
Quiz From the Vault
Featured Blog Post
Where Did the Easter Bunny Come From?
hide this ad
You Might Also Like...
Tags
Airline
defunct
Defunct Airlines
hub
Today's Top Quizzes in Geography
Browse Geography
hide this ad
Today's Top Quizzes in defunct
Browse defunct
Top Contributed Quizzes in Geography
1
Countries of the World - No Outlines Minefield
2
Top 25 Cities of France on a map
3
Any capital of a 'B' country per Continent
4
Any capital of a 'C' country per Continent
5
Closest Countries to UK A-Z
6
Any capital of a 'D' country per Continent
7
5-to-1: US Geography No Hints
8
Any capital of an 'E' country per Continent
9
Find the US States - No Outlines
10
Any capital of an 'F' country per Continent
Explore More
Trending Topics
Kpop
Anime
Disney
NBA
Crossword
Marvel
Harry Potter
Soccer
The Office
Song
NFL
Puzzle
Pokémon
WWE
Country
hide this ad
More By:
16gomandal
Quiz
Plays
Rating
Category
Featured
Created
Rihanna Lyrics
1,591
2.75
Music
Sep 25, 2012
Spanish Foods
886
1.71
Language
Sep 23, 2012
Most Spoken Indo-European Languages Minefield
885
2.00
Language
Jun 11, 2013
What Empire is this?
535
3.44
History
Sep 22, 2013
Spanish Verb Translations
491
4.00
Language
Sep 24, 2012
Go to Creator's Profile
Score Distribution
Quiz Creator Spotlight
16gomandal
Follow
Send a Message
Quizzes Created
-
Created Quiz Play Count
-
More By This Creator
Popular Quizzes Today
1
Find the US States - No Outlines Minefield
2
Find the Countries of Europe - No Outlines Minefield
3
The Countries of the World
4
Find the US States
5
Risky Map Clicking: Biggest States A-Z
6
US States
7
Popular People in 1961
8
Movies - When Are They Set?
More Geography Quizzes
Population Pie Chart: World Continents
Curator's Pick
Trending Quizzes
Risky Map Clicking: Least Populous States A-Z
1-10 Letter G Words
1-10 Letter F Words
Risky Map Clicking: Next State Alphabetically
Adjectives in 80s TV Shows
Recently Updated
Leaping Animals
pecheneg
Reality TV Shows (A-Z)
bhenderson79
Rickey Henderson's Hall of Fame Teammates
pecheneg
Champions League XIs: Arsenal
pecheneg
Quick Pick: Celebrities in WWE's Hall of Fame
aduchscher
A-Z Keypad Blitz II
pecheneg
Multiple Oscar Actors
pecheneg
Mystery Phrase Blitz: Oscar 'Best Actors'
pecheneg
F. Scott Fitzgerald Novels
LTH
Pick 3 Villains
ddd62291
Trending Topics
Marvel
Crossword
Harry Potter
Kpop
Anime
Disney
NBA
The Office
Puzzle
Song
Soccer
NFL
Country
WWE
Pokémon
Your Account Isn't Verified!
In order to create a playlist on Sporcle, you need to verify the email address you used during registration. Go to your
Sporcle Settings
to finish the process.
Report this User
Report this user for behavior that violates our
Community Guidelines
.
Details:
Send Report
Go to the Sporcle.com Mobile Site →
Comments